00674nam a2200205 u 450000100100000000500170001000800410002702000150006804000250008308200150010810000260012324500540014926000320020330000260023550000460026165000220030704900090032995201130033899900170045100002366020250520113530.0101216s1996 sp a r 000 | spa d a1563281155 aDO-SdBNPbspacBNPHU a150bV323i1 aVarona, Carlos94874510aIntroducción a la sicología /cCarlos Varona. aMadrid : Playor, D.L. 1987. a346 p. : il. ; 23 cm. aIncluye índice onosmástico y glosario 0aPsicología9152 aBNGR 001050718MOaGRbGRcCTd2010-12-16iLF1l0o150 V323ip23660-10r2020-06-25w2020-06-25y1ZNo se presta c23156d23156